Historische Stadtzentren Italiens /

Kaydedildi:
Detaylı Bibliyografya
Yazar: Fazio, Mario (autor)
Diğer Yazarlar: Ferrando Giulio (colaboración) (colaboración), Rocca, Fabio (colaboración) (colaboración)
Materyal Türü: Kitap
Dil:German
Baskı/Yayın Bilgisi: Colonia, Alemania : DuMont Buchverlag, 1980, c1980
Etiketler: Etiketle
Etiket eklenmemiş, İlk siz ekleyin!

MARC

LEADER 00000nam^a2200000^a^4500
001 000554947
005 20250526000000.0
009 20260310131709.128
020 |a 3-7701-1143-5 
037 |a Acervo ITESO - Biblioteca 
041 |a ALE 
091 |a FHA. 00777 
100 |a Fazio, Mario  |e (autor) 
245 1 0 |a Historische Stadtzentren Italiens / 
264 4 |a Colonia, Alemania :  |b DuMont Buchverlag,  |c 1980, c1980 
300 |a 192 p. ;  |c 32.0 cm. 
336 |a texto  |b txt  |2 rdacontenido 
337 |a sin mediación  |b n  |2 rdamedio 
338 |a volumen  |b nc  |2 rdasoporte 
515 |a Inventario familia Hartung: 1011 
649 |a XX 
700 |a Ferrando Giulio  |e (colaboración) 
700 |a Rocca, Fabio  |e (colaboración) 
910 |a Fondo Horst Hartung Franz 
920 |a Impresos - Libros 
930 |a Libros Antiguos y Raros 
905 |a 135 
901 |a 0500331713  |b IT2  |c LRA  |i D  |u 20250526 
902 |a https://opac.biblio.iteso.mx/vufind/Record/000554947